| 000 | 02437nam0a2200361 4500 | ||
|---|---|---|---|
| 001 | RU\NLR\BIBL_A\011716298 | ||
| 005 | 20180614154533.0 | ||
| 010 |
_a978-5-89314-856-5 _9100 |
||
| 021 |
_aRU _bКН-П-18-030721 _9КН-П-18-2237 |
||
| 035 | _a(NLR Aleph) 011716298 | ||
| 035 | _a(RuMoRGB)009616890 | ||
| 090 |
_a11458694 _c11458694 |
||
| 100 | _a20180530d2017 u y0rusy50 ca | ||
| 101 | 0 | _arus | |
| 102 | _aRU | ||
| 105 | _aa|||j|||000zy | ||
| 200 | 1 |
_aСправочная информация по субъектам Российской Федерации и федеральным округам _e(учебно-методическое пособие) _fМинистерство образования и науки Российской Федерации, Федеральное государственное бюджетное образовательное учреждение высшего образования Российский экономический университет имени Г.В. Плеханова, Филиал в г. Пятигорске Ставропольского края _g[автор-составитель: Саутиева Тамара Батрбековна] |
|
| 210 |
_aПятигорск _cРИА-КМВ _d2017 |
||
| 215 |
_a63 с. _cил., табл. _d29 |
||
| 320 | _aБиблиогр. в подстроч. примеч. | ||
| 606 | 1 |
_aЭкономическое районирование _yРоссийская Федерация _jУчебно-методические пособия для высших учебных заведений _2nlr_sh2 _3RU\NLR\AUTH\661447226 |
|
| 607 |
_aРоссийская Федерация _xСубъекты _xСоциально-экономическое развитие _jУчебно-методические пособия для высших учебных заведений _2nlr_sh1 _2nlr_sh2 _3RU\NLR\AUTH\661279089 |
||
| 686 |
_aУ049(2)825я73-14 _2rubbk |
||
| 686 | 1 | _aУ04(2)8я73 | |
| 686 | 1 | _aУ04(2)9я73 | |
| 702 | 1 |
_aСаутиева _bТ. Б. _gТамара Батырбековна _4220 |
|
| 712 | 0 | 2 |
_aРоссийский экономический университет им. Г. В. Плеханова _bФилиал _cПятигорск _3RU\NLR\AUTH\880465622 _4570 |
| 942 | _cBOOK | ||
| 980 | _aNBR | ||
| 980 | _aNB | ||